[Event "Team Championship of Russia (rapid)"]
[Site "Sochi"]
[Date "2015.05.08"]
[Round "3.29"]
[White "Panarin, Mikhail"]
[Black "Gabrielian, Artur"]
[Result "1-0"]
[LiveChessVersion "1.4.4"]
[BlackElo "2482"]
[WhiteElo "2642"]
[BlackTeam "Stavropol region"]

1. e4 {[%clk 0:15:17]} g6 {[%clk 0:15:19]} 2. d4 {[%clk 0:15:22]} Bg7
{[%clk 0:15:28]} 3. Nc3 {[%clk 0:15:29]} d6 {[%clk 0:15:37]} 4. g3
{[%clk 0:15:32]} Nf6 {[%clk 0:15:44]} 5. Bg2 {[%clk 0:15:40]} O-O
{[%clk 0:15:50]} 6. Nge2 {[%clk 0:15:48]} c6 {[%clk 0:15:53]} 7. a4
{[%clk 0:15:56]} a5 {[%clk 0:16:01]} 8. O-O {[%clk 0:15:59]} Na6 {[%clk 0:16:10]}
9. h3 {[%clk 0:15:49]} Qc7 {[%clk 0:16:10]} 10. Be3 {[%clk 0:15:07]} e5
{[%clk 0:15:54]} 11. Qd2 {[%clk 0:15:11]} Be6 {[%clk 0:15:19]} 12. Rad1
{[%clk 0:14:59]} Bc4 {[%clk 0:12:52]} 13. Rfe1 {[%clk 0:14:45]} Bxe2
{[%clk 0:12:55]} 14. Rxe2 {[%clk 0:13:41]} exd4 {[%clk 0:12:27]} 15. Bxd4
{[%clk 0:13:49]} Rad8 {[%clk 0:11:33]} 16. Qe3 {[%clk 0:11:27]} Nd7
{[%clk 0:08:06]} 17. Bxg7 {[%clk 0:11:30]} Kxg7 {[%clk 0:08:15]} 18. Red2
{[%clk 0:11:18]} Nf6 {[%clk 0:07:15]} 19. Ne2 {[%clk 0:10:35]} Rfe8
{[%clk 0:07:07]} 20. Qc3 {[%clk 0:10:30]} Nc5 {[%clk 0:06:02]} 21. g4
{[%clk 0:10:17]} h6 {[%clk 0:06:02]} 22. f4 {[%clk 0:05:17]} Qb6 {[%clk 0:05:37]}
23. Qd4 {[%clk 0:02:50]} Nxa4 {[%clk 0:03:57]} 24. g5 {[%clk 0:02:52]} hxg5
{[%clk 0:03:19]} 25. fxg5 {[%clk 0:02:59]} Qxd4+ {[%clk 0:03:00]} 26. Rxd4
{[%clk 0:03:07]} Nxe4 {[%clk 0:03:01]} 27. Rxe4 {[%clk 0:02:10]} Rxe4
{[%clk 0:02:48]} 28. Bxe4 {[%clk 0:02:20]} Re8 {[%clk 0:02:00]} 29. Bf3
{[%clk 0:01:41]} Re5 {[%clk 0:01:17]} 30. b3 {[%clk 0:01:50]} Rxg5+
{[%clk 0:01:18]} 31. Kf2 {[%clk 0:01:59]} Nc5 {[%clk 0:01:15]} 32. Rxd6
{[%clk 0:02:07]} a4 {[%clk 0:01:05]} 33. b4 {[%clk 0:01:33]} Ne6 {[%clk 0:00:52]}
34. Bg4 {[%clk 0:01:03]} Nf8 {[%clk 0:00:41]} 35. Nc3 {[%clk 0:00:52]} a3
{[%clk 0:00:18]} 36. Rd1 {[%clk 0:00:46]} b5 {[%clk 0:00:15]} 37. Ra1
{[%clk 0:00:39]} Re5 {[%clk 0:00:18]} 38. Rxa3 {[%clk 0:00:44]} c5
{[%clk 0:00:28]} 39. Ra5 {[%clk 0:00:38]} cxb4 {[%clk 0:00:36]} 40. Rxb5
{[%clk 0:00:46]} Re7 {[%clk 0:00:38]} 41. Nd5 {[%clk 0:00:41]} Re5
{[%clk 0:00:44]} 42. Nc3 Re7 43. Rxb4 {[%clk 0:00:43]} Rc7 {[%clk 0:01:03]} 44.
Rb3 {[%clk 0:00:51]} f5 {[%clk 0:01:07]} 45. Bd1 {[%clk 0:00:59]} Ne6
{[%clk 0:01:12]} 46. Nd5 {[%clk 0:00:25]} Rc5 {[%clk 0:01:13]} 47. Rd3
{[%clk 0:00:26]} Ng5 {[%clk 0:01:17]} 48. h4 {[%clk 0:00:32]} Ne4+
{[%clk 0:01:26]} 49. Ke3 {[%clk 0:00:41]} Kh6 {[%clk 0:00:56]} 50. Kd4
{[%clk 0:00:26]} Rc8 {[%clk 0:00:55]} 51. c4 {[%clk 0:00:28]} Nd6
{[%clk 0:00:37]} 52. Rc3 {[%clk 0:00:18]} Ne4 {[%clk 0:00:42]} 53. Rc2
{[%clk 0:00:23]} Nc5 {[%clk 0:00:23]} 54. Rg2 {[%clk 0:00:23]} Ne6+
{[%clk 0:00:19]} 55. Kc3 {[%clk 0:00:32]} Nc5 {[%clk 0:00:16]} 56. Rxg6+
{[%clk 0:00:36]} Kxg6 {[%clk 0:00:16]} 57. Ne7+ {[%clk 0:00:45]} Kf6
{[%clk 0:00:20]} 58. Nxc8 {[%clk 0:00:54]} f4 {[%clk 0:00:29]} 59. Kd4
{[%clk 0:00:58]} Ne6+ {[%clk 0:00:19]} 60. Ke4 {[%clk 0:01:02]} Nc5+
{[%clk 0:00:21]} 61. Kxf4 {[%clk 0:01:07]} Nd3+ {[%clk 0:00:31]} 62. Ke3
{[%clk 0:01:14]} 1-0

[Event "Team Championship of Russia (rapid)"]
[Site "Sochi"]
[Date "2015.05.08"]
[Round "3.30"]
[White "Bykov, Egor"]
[Black "Bryzgalin, Kirill"]
[Result "1/2-1/2"]
[LiveChessVersion "1.4.4"]
[BlackElo "2588"]
[WhiteElo "2178"]
[WhiteTeam "Stavropol region"]

1. d4 {[%clk 0:15:18]} d6 {[%clk 0:15:19]} 2. Nf3 {[%clk 0:15:26]} g6
{[%clk 0:15:24]} 3. e4 {[%clk 0:15:33]} Bg7 {[%clk 0:15:32]} 4. c3
{[%clk 0:15:20]} Nf6 {[%clk 0:15:41]} 5. Bd3 {[%clk 0:15:29]} O-O
{[%clk 0:15:49]} 6. O-O {[%clk 0:15:37]} c6 {[%clk 0:15:57]} 7. Re1
{[%clk 0:15:35]} a5 {[%clk 0:15:35]} 8. a4 {[%clk 0:15:14]} Na6 {[%clk 0:15:44]}
9. Nbd2 {[%clk 0:14:56]} Bg4 {[%clk 0:15:48]} 10. Qb3 {[%clk 0:14:49]} Qc7
{[%clk 0:15:08]} 11. e5 {[%clk 0:14:12]} Nd5 {[%clk 0:14:46]} 12. h3
{[%clk 0:13:44]} Bxf3 {[%clk 0:14:48]} 13. Nxf3 {[%clk 0:13:51]} dxe5
{[%clk 0:14:29]} 14. Nxe5 {[%clk 0:10:54]} Nc5 {[%clk 0:14:30]} 15. Qc2
{[%clk 0:10:35]} Nxd3 {[%clk 0:14:24]} 16. Nxd3 {[%clk 0:10:44]} Rad8
{[%clk 0:14:26]} 17. Bg5 {[%clk 0:10:48]} Rfe8 {[%clk 0:13:57]} 18. Re4
{[%clk 0:10:38]} h6 {[%clk 0:11:28]} 19. Bh4 {[%clk 0:10:44]} Nf6
{[%clk 0:10:34]} 20. Bg3 {[%clk 0:10:22]} Qc8 {[%clk 0:10:32]} 21. Re2
{[%clk 0:10:21]} b6 {[%clk 0:10:17]} 22. Rae1 {[%clk 0:10:07]} e6
{[%clk 0:10:24]} 23. Be5 {[%clk 0:09:55]} Rd7 {[%clk 0:08:36]} 24. Bg3
{[%clk 0:08:35]} Rb7 {[%clk 0:08:22]} 25. Qb3 {[%clk 0:07:27]} Nd5
{[%clk 0:07:57]} 26. c4 {[%clk 0:05:41]} Nf6 {[%clk 0:06:22]} 27. d5
{[%clk 0:04:56]} cxd5 {[%clk 0:06:30]} 28. cxd5 {[%clk 0:05:05]} exd5
{[%clk 0:06:36]} 29. Rxe8+ {[%clk 0:05:02]} Nxe8 {[%clk 0:06:45]} 30. Qxd5
{[%clk 0:05:04]} Nf6 {[%clk 0:06:23]} 31. Qb3 {[%clk 0:04:59]} Qd7
{[%clk 0:04:49]} 32. Ne5 {[%clk 0:04:53]} Qf5 {[%clk 0:04:39]} 33. Nc6
{[%clk 0:04:11]} Qc5 {[%clk 0:03:58]} 34. Ne5 {[%clk 0:02:47]} Re7
{[%clk 0:03:21]} 35. Kh2 {[%clk 0:02:33]} Qd5 {[%clk 0:02:11]} 36. Qxd5
{[%clk 0:01:50]} Nxd5 {[%clk 0:02:19]} 37. b3 {[%clk 0:01:55]} f5
{[%clk 0:02:08]} 38. f4 {[%clk 0:01:10]} Bxe5 {[%clk 0:01:56]} 39. fxe5
{[%clk 0:01:04]} Kf7 {[%clk 0:02:00]} 40. Bf2 {[%clk 0:01:02]} Ke6
{[%clk 0:02:05]} 41. Bd4 {[%clk 0:00:39]} Rc7 {[%clk 0:02:13]} 42. Re2
{[%clk 0:00:42]} Rc1 {[%clk 0:02:12]} 43. Bb2 {[%clk 0:00:40]} Rc6
{[%clk 0:02:15]} 44. Kg3 {[%clk 0:00:34]} g5 {[%clk 0:02:20]} 45. Kf3
{[%clk 0:00:23]} Rc7 {[%clk 0:02:14]} 46. g4 {[%clk 0:00:24]} f4 {[%clk 0:01:50]}
47. h4 {[%clk 0:00:26]} Rc6 {[%clk 0:00:49]} 48. Rh2 {[%clk 0:00:26]} Nb4
{[%clk 0:00:51]} 49. hxg5 {[%clk 0:00:28]} hxg5 {[%clk 0:01:00]} 50. Ke4
{[%clk 0:00:28]} Rc2 {[%clk 0:01:01]} 51. Rh6+ {[%clk 0:00:24]} Ke7
{[%clk 0:01:03]} 52. Bd4 {[%clk 0:00:24]} Re2+ {[%clk 0:01:04]} 53. Kf5
{[%clk 0:00:32]} f3 {[%clk 0:01:11]} 54. Rh7+ {[%clk 0:00:31]} Kf8
{[%clk 0:01:14]} 55. Ke6 {[%clk 0:00:27]} Nc6 {[%clk 0:01:13]} 56. Bxb6
{[%clk 0:00:24]} Nxe5 {[%clk 0:01:21]} 57. Kf5 {[%clk 0:00:21]} Kg8
{[%clk 0:01:20]} 58. Re7 {[%clk 0:00:25]} Nxg4 {[%clk 0:01:25]} 59. Ra7
{[%clk 0:00:25]} f2 {[%clk 0:01:06]} 60. Bxf2 {[%clk 0:00:28]} Nxf2
{[%clk 0:01:14]} 61. Kxg5 {[%clk 0:00:22]} Re5+ {[%clk 0:01:22]} 62. Kg6
{[%clk 0:00:31]} Re6+ {[%clk 0:01:23]} 63. Kf5 {[%clk 0:00:39]} Rb6
{[%clk 0:01:14]} 64. Rxa5 {[%clk 0:00:43]} Nd3 {[%clk 0:01:20]} 65. Rb5
{[%clk 0:00:47]} Ra6 {[%clk 0:01:20]} 66. a5 {[%clk 0:00:40]} Kf7
{[%clk 0:01:20]} 67. b4 {[%clk 0:00:42]} Ke7 {[%clk 0:01:24]} 68. Rb7+
{[%clk 0:00:47]} Kd8 {[%clk 0:01:30]} 69. Rb6 {[%clk 0:00:55]} Rxb6
{[%clk 0:01:35]} 70. axb6 {[%clk 0:01:03]} 1/2-1/2

[Event "Team Championship of Russia (rapid)"]
[Site "Sochi"]
[Date "2015.05.08"]
[Round "3.31"]
[White "Lugovskoy, Maxim"]
[Black "Nechaev, Oleg"]
[Result "1/2-1/2"]
[LiveChessVersion "1.4.4"]
[BlackElo "2354"]
[WhiteElo "2445"]
[BlackTeam "Stavropol region"]

1. e4 {[%clk 0:15:18]} c5 {[%clk 0:15:19]} 2. Nf3 {[%clk 0:15:27]} Nc6
{[%clk 0:15:29]} 3. c3 {[%clk 0:15:36]} d6 {[%clk 0:15:33]} 4. d4
{[%clk 0:15:44]} cxd4 {[%clk 0:15:36]} 5. cxd4 {[%clk 0:15:53]} g6
{[%clk 0:15:44]} 6. Nc3 {[%clk 0:16:02]} Bg7 {[%clk 0:15:53]} 7. Be2
{[%clk 0:16:11]} Nf6 {[%clk 0:15:55]} 8. O-O {[%clk 0:16:19]} O-O
{[%clk 0:16:01]} 9. d5 {[%clk 0:16:27]} Ne5 {[%clk 0:14:53]} 10. Nxe5
{[%clk 0:16:35]} dxe5 {[%clk 0:15:01]} 11. Qb3 {[%clk 0:16:44]} Ne8
{[%clk 0:14:58]} 12. Be3 {[%clk 0:16:48]} Nd6 {[%clk 0:15:05]} 13. Rac1
{[%clk 0:16:53]} Bd7 {[%clk 0:15:02]} 14. f3 {[%clk 0:16:59]} Qa5
{[%clk 0:14:56]} 15. a4 {[%clk 0:16:28]} Rfc8 {[%clk 0:13:36]} 16. Nb5
{[%clk 0:16:13]} Bxb5 {[%clk 0:13:09]} 17. axb5 {[%clk 0:16:16]} Rxc1
{[%clk 0:13:18]} 18. Rxc1 {[%clk 0:16:24]} Rc8 {[%clk 0:13:28]} 19. Rxc8+
{[%clk 0:16:10]} Nxc8 {[%clk 0:13:36]} 20. Qc3 {[%clk 0:15:55]} Qxc3
{[%clk 0:12:39]} 21. bxc3 {[%clk 0:16:04]} e6 {[%clk 0:12:00]} 22. c4
{[%clk 0:15:30]} exd5 {[%clk 0:12:07]} 23. exd5 {[%clk 0:12:05]} b6
{[%clk 0:12:15]} 24. f4 {[%clk 0:12:14]} exf4 {[%clk 0:11:51]} 25. Bxf4
{[%clk 0:12:22]} Bd4+ {[%clk 0:11:46]} 26. Kf1 {[%clk 0:12:30]} Bc5
{[%clk 0:11:54]} 27. h4 {[%clk 0:11:35]} h5 {[%clk 0:11:33]} 28. g4
{[%clk 0:11:38]} hxg4 {[%clk 0:11:41]} 29. Bxg4 {[%clk 0:11:47]} Nd6
{[%clk 0:11:47]} 30. Be2 {[%clk 0:11:51]} f6 {[%clk 0:11:32]} 31. Ke1
{[%clk 0:11:48]} Kf7 {[%clk 0:11:29]} 32. Kd1 {[%clk 0:11:56]} Ke7
{[%clk 0:11:32]} 33. Kc2 {[%clk 0:12:04]} Bf2 {[%clk 0:11:05]} 34. Bd3
{[%clk 0:10:19]} Bxh4 {[%clk 0:09:31]} 35. Be3 {[%clk 0:10:27]} Bg5
{[%clk 0:07:13]} 36. Bg1 {[%clk 0:09:54]} Kf7 {[%clk 0:04:46]} 37. c5
{[%clk 0:09:58]} bxc5 {[%clk 0:04:54]} 38. Bxc5 {[%clk 0:10:06]} Nc8
{[%clk 0:05:04]} 39. Bc4 {[%clk 0:07:24]} Bf4 {[%clk 0:03:55]} 40. Bxa7
{[%clk 0:06:05]} Nxa7 {[%clk 0:03:57]} 41. b6 {[%clk 0:06:24]} Bb8
{[%clk 0:03:07]} 42. d6+ {[%clk 0:05:58]} Ke8 {[%clk 0:03:06]} 43. bxa7
{[%clk 0:06:03]} Bxa7 {[%clk 0:03:11]} 44. Kd3 {[%clk 0:05:34]} f5
{[%clk 0:02:16]} 45. Be6 {[%clk 0:05:14]} Bc5 {[%clk 0:01:55]} 46. d7+
{[%clk 0:05:23]} Ke7 {[%clk 0:02:03]} 47. Bf7 {[%clk 0:05:30]} g5
{[%clk 0:02:08]} 48. Be6 {[%clk 0:05:34]} f4 {[%clk 0:02:10]} 49. Ke4
{[%clk 0:05:43]} Bb6 {[%clk 0:02:14]} 1/2-1/2

[Event "Team Championship of Russia (rapid)"]
[Site "Sochi"]
[Date "2015.05.08"]
[Round "3.32"]
[White "Mkrtchyan, Artak"]
[Black "Oganian, Miran"]
[Result "1/2-1/2"]
[LiveChessVersion "1.4.4"]
[BlackElo "2433"]
[WhiteElo "2051"]

1. Nf3 {[%clk 0:15:14]} Nf6 {[%clk 0:15:18]} 2. g3 {[%clk 0:15:20]} e6
{[%clk 0:15:08]} 3. Bg2 {[%clk 0:15:26]} Be7 {[%clk 0:15:17]} 4. O-O
{[%clk 0:15:33]} O-O {[%clk 0:15:25]} 5. d3 {[%clk 0:15:42]} d5 {[%clk 0:15:34]}
6. Nbd2 {[%clk 0:15:49]} c5 {[%clk 0:15:43]} 7. e4 {[%clk 0:15:54]} Nc6
{[%clk 0:15:51]} 8. e5 {[%clk 0:15:46]} Nd7 {[%clk 0:16:00]} 9. Re1
{[%clk 0:15:54]} b5 {[%clk 0:16:09]} 10. h4 {[%clk 0:16:00]} a5 {[%clk 0:16:12]}
11. Nf1 {[%clk 0:16:08]} b4 {[%clk 0:16:19]} 12. Bf4 {[%clk 0:16:10]} a4
{[%clk 0:16:10]} 13. a3 {[%clk 0:16:19]} bxa3 {[%clk 0:16:13]} 14. bxa3
{[%clk 0:16:27]} Nd4 {[%clk 0:16:07]} 15. N1h2 {[%clk 0:15:38]} Nxf3+
{[%clk 0:12:10]} 16. Qxf3 {[%clk 0:15:05]} Bb7 {[%clk 0:12:02]} 17. h5
{[%clk 0:14:28]} Bg5 {[%clk 0:11:29]} 18. Qg4 {[%clk 0:13:26]} Bxf4
{[%clk 0:11:37]} 19. gxf4 {[%clk 0:13:18]} Qe7 {[%clk 0:05:30]} 20. Nf3
{[%clk 0:11:20]} h6 {[%clk 0:05:02]} 21. Nh4 {[%clk 0:10:20]} Bc6
{[%clk 0:04:02]} 22. c4 {[%clk 0:09:12]} Nb6 {[%clk 0:02:55]} 23. Rab1
{[%clk 0:09:17]} Qc7 {[%clk 0:01:53]} 24. f5 {[%clk 0:06:19]} f6 {[%clk 0:02:02]}
25. fxe6 {[%clk 0:03:29]} fxe5 {[%clk 0:01:05]} 26. Nf5 {[%clk 0:02:22]} Rab8
{[%clk 0:00:34]} 27. e7 {[%clk 0:01:47]} Rxf5 {[%clk 0:00:42]} 28. Qxf5
{[%clk 0:01:33]} Qxe7 {[%clk 0:00:39]} 29. Rxe5 {[%clk 0:01:30]} Qc7
{[%clk 0:00:25]} 30. cxd5 {[%clk 0:00:52]} Bd7 {[%clk 0:00:34]} 31. Qg6
{[%clk 0:00:44]} Qxe5 {[%clk 0:00:42]} 32. Rxb6 {[%clk 0:00:39]} Rf8
{[%clk 0:00:24]} 33. Be4 {[%clk 0:00:20]} Bf5 {[%clk 0:00:23]} 34. Bxf5
{[%clk 0:00:20]} Qxf5 {[%clk 0:00:25]} 35. Qe6+ {[%clk 0:00:13]} Kh7
{[%clk 0:00:29]} 36. Qg6+ {[%clk 0:00:19]} Kg8 {[%clk 0:00:37]} 37. Qe6+
{[%clk 0:00:12]} Kh8 {[%clk 0:00:47]} 38. Qxf5 {[%clk 0:00:18]} Rxf5
{[%clk 0:00:56]} 39. Rb8+ {[%clk 0:00:22]} Kh7 {[%clk 0:01:06]} 40. Rd8
{[%clk 0:00:11]} Rxh5 {[%clk 0:01:02]} 41. Kg2 Kg6 {[%clk 0:01:10]} 42. Kf3
{[%clk 0:00:21]} Kf6 {[%clk 0:01:20]} 43. Ke4 {[%clk 0:00:29]} Rh4+
{[%clk 0:01:29]} 44. Ke3 {[%clk 0:00:19]} Rd4 {[%clk 0:01:37]} 45. Ra8
{[%clk 0:00:16]} Ke5 {[%clk 0:01:18]} 46. Rg8 {[%clk 0:00:13]} g5
{[%clk 0:01:20]} 47. Rg6 {[%clk 0:00:20]} Kxd5 {[%clk 0:01:17]} 48. Rxh6
{[%clk 0:00:25]} Rh4 {[%clk 0:00:54]} 49. Rg6 {[%clk 0:00:24]} Rh3+
{[%clk 0:01:03]} 50. f3 {[%clk 0:00:28]} Rh5 {[%clk 0:00:48]} 51. Ra6
{[%clk 0:00:23]} Rh4 {[%clk 0:00:43]} 52. Rg6 {[%clk 0:00:30]} Rh5
{[%clk 0:00:36]} 53. Ra6 {[%clk 0:00:35]} Rh4 {[%clk 0:00:25]} 54. Rg6
{[%clk 0:00:41]} Rh5 {[%clk 0:00:24]} 55. Ra6 {[%clk 0:00:41]} Rh4
{[%clk 0:00:33]} 56. Rg6 {[%clk 0:00:35]} Rh5 {[%clk 0:00:24]} 57. Ra6
{[%clk 0:00:16]} Rh4 {[%clk 0:00:32]} 58. Rg6 {[%clk 0:00:25]} Rh5
{[%clk 0:00:29]} 59. Ra6 {[%clk 0:00:31]} Rh4 {[%clk 0:00:33]} 60. Rg6
{[%clk 0:00:39]} Rh5 {[%clk 0:00:40]} 61. Ra6 {[%clk 0:00:47]} Rh4
{[%clk 0:00:49]} 62. Rg6 {[%clk 0:00:56]} Rh5 {[%clk 0:00:26]} 63. Ra6
{[%clk 0:01:04]} 1/2-1/2

[Event "Team Championship of Russia (rapid)"]
[Site "Sochi"]
[Date "2015.05.08"]
[Round "3.33"]
[White "Iljin, Artem"]
[Black "Zablotsky, Sergei"]
[Result "0-1"]
[LiveChessVersion "1.4.4"]
[BlackElo "2297"]
[WhiteElo "2506"]
[WhiteTeam "Ladya-2"]

1. Nf3 {[%clk 0:15:16]} d5 {[%clk 0:15:19]} 2. g3 {[%clk 0:15:23]} Nc6
{[%clk 0:15:28]} 3. d4 {[%clk 0:15:29]} Bf5 {[%clk 0:15:36]} 4. Bg2
{[%clk 0:15:37]} e6 {[%clk 0:15:44]} 5. O-O {[%clk 0:15:33]} Nf6 {[%clk 0:15:53]}
6. c3 {[%clk 0:14:44]} h6 {[%clk 0:15:36]} 7. Qb3 {[%clk 0:12:58]} Na5
{[%clk 0:15:02]} 8. Qa4+ {[%clk 0:12:57]} c6 {[%clk 0:15:10]} 9. Nbd2
{[%clk 0:12:37]} b5 {[%clk 0:14:51]} 10. Qd1 {[%clk 0:12:44]} Bd6
{[%clk 0:14:40]} 11. Ne5 {[%clk 0:11:18]} Qc7 {[%clk 0:13:49]} 12. Ndf3
{[%clk 0:11:05]} O-O {[%clk 0:13:49]} 13. Nd3 {[%clk 0:10:56]} Nc4
{[%clk 0:11:24]} 14. b3 {[%clk 0:08:15]} Nb6 {[%clk 0:11:18]} 15. Bf4
{[%clk 0:06:35]} Bxd3 {[%clk 0:10:15]} 16. Bxd6 {[%clk 0:06:42]} Qxd6
{[%clk 0:10:24]} 17. Qxd3 {[%clk 0:06:50]} a6 {[%clk 0:10:24]} 18. Nd2
{[%clk 0:06:25]} c5 {[%clk 0:10:19]} 19. c4 {[%clk 0:04:56]} bxc4
{[%clk 0:07:17]} 20. bxc4 {[%clk 0:05:05]} Rfc8 {[%clk 0:06:39]} 21. dxc5
{[%clk 0:03:56]} Qxc5 {[%clk 0:06:31]} 22. cxd5 {[%clk 0:04:04]} Nfxd5
{[%clk 0:06:25]} 23. Nb3 {[%clk 0:02:39]} Qa3 {[%clk 0:06:06]} 24. Rfd1
{[%clk 0:02:18]} Rc3 {[%clk 0:05:43]} 25. Qd4 {[%clk 0:02:12]} Rac8
{[%clk 0:05:22]} 26. e4 {[%clk 0:01:41]} R3c4 {[%clk 0:05:17]} 27. Qe5
{[%clk 0:01:48]} Nc3 {[%clk 0:04:44]} 28. Qd6 {[%clk 0:00:55]} Rb4
{[%clk 0:03:02]} 0-1

[Event "Team Championship of Russia (rapid)"]
[Site "Sochi"]
[Date "2015.05.08"]
[Round "3.34"]
[White "Bocharov, Ivan"]
[Black "Rodchenkov, Sergey D."]
[Result "1-0"]
[LiveChessVersion "1.4.4"]
[BlackElo "2299"]
[WhiteElo "2404"]
[BlackTeam "Ladya-2"]

1. f4 {[%clk 0:15:19]} c5 {[%clk 0:14:49]} 2. Nf3 {[%clk 0:15:27]} Nf6
{[%clk 0:14:47]} 3. d3 {[%clk 0:15:31]} d5 {[%clk 0:14:34]} 4. g3
{[%clk 0:15:39]} g6 {[%clk 0:14:43]} 5. Bg2 {[%clk 0:15:48]} Bg7 {[%clk 0:14:53]}
6. O-O {[%clk 0:15:57]} O-O {[%clk 0:15:02]} 7. Qe1 {[%clk 0:16:04]} d4
{[%clk 0:15:08]} 8. a4 {[%clk 0:16:13]} Nc6 {[%clk 0:15:16]} 9. Na3
{[%clk 0:16:22]} Nd5 {[%clk 0:15:17]} 10. Nc4 {[%clk 0:16:30]} Rb8
{[%clk 0:15:12]} 11. Bd2 {[%clk 0:16:33]} b6 {[%clk 0:15:13]} 12. c3
{[%clk 0:16:39]} Bb7 {[%clk 0:14:55]} 13. Rc1 {[%clk 0:16:37]} Qd7
{[%clk 0:14:05]} 14. Qf2 {[%clk 0:16:43]} Rbd8 {[%clk 0:13:51]} 15. h3
{[%clk 0:16:43]} e6 {[%clk 0:13:06]} 16. a5 {[%clk 0:16:08]} dxc3
{[%clk 0:11:29]} 17. bxc3 {[%clk 0:16:16]} Qc7 {[%clk 0:10:55]} 18. axb6
{[%clk 0:16:09]} axb6 {[%clk 0:11:04]} 19. e4 {[%clk 0:16:04]} Nde7
{[%clk 0:11:07]} 20. Qe2 {[%clk 0:15:41]} Ba6 {[%clk 0:10:57]} 21. Ra1
{[%clk 0:15:12]} Bxc4 {[%clk 0:09:45]} 22. dxc4 {[%clk 0:15:21]} Na5
{[%clk 0:09:54]} 23. Rab1 {[%clk 0:15:05]} Rd7 {[%clk 0:09:09]} 24. e5
{[%clk 0:15:04]} Rfd8 {[%clk 0:09:14]} 25. Be1 {[%clk 0:13:54]} Rd3
{[%clk 0:08:56]} 26. Nh4 {[%clk 0:12:20]} Nf5 {[%clk 0:07:35]} 27. Rf3
{[%clk 0:12:09]} Rxf3 {[%clk 0:05:48]} 28. Nxf3 {[%clk 0:12:17]} Rd7
{[%clk 0:05:09]} 29. g4 {[%clk 0:12:17]} Ne7 {[%clk 0:05:18]} 30. Ng5
{[%clk 0:12:16]} h6 {[%clk 0:04:23]} 31. Ne4 {[%clk 0:12:24]} g5 {[%clk 0:04:32]}
32. fxg5 {[%clk 0:12:00]} hxg5 {[%clk 0:04:39]} 33. Nxg5 {[%clk 0:11:44]} Qxe5
{[%clk 0:04:33]} 34. Qxe5 {[%clk 0:11:39]} Bxe5 {[%clk 0:04:42]} 35. Bf1
{[%clk 0:11:32]} Nc8 {[%clk 0:04:32]} 36. Be2 {[%clk 0:10:44]} Kg7
{[%clk 0:03:41]} 37. Ne4 {[%clk 0:09:46]} f5 {[%clk 0:03:20]} 38. Ng3
{[%clk 0:09:49]} Kf6 {[%clk 0:03:01]} 39. gxf5 {[%clk 0:09:56]} exf5
{[%clk 0:03:09]} 40. Nxf5 {[%clk 0:09:58]} Rh7 {[%clk 0:03:06]} 41. Bh4+
{[%clk 0:09:14]} Kf7 {[%clk 0:03:01]} 42. Rf1 {[%clk 0:09:15]} Ke8
{[%clk 0:03:11]} 43. Re1 {[%clk 0:08:29]} Kf8 {[%clk 0:03:14]} 44. Rd1
{[%clk 0:08:23]} Nc6 {[%clk 0:03:08]} 45. Bf3 {[%clk 0:07:56]} N6e7
{[%clk 0:03:13]} 46. Rd7 {[%clk 0:07:07]} Ke8 {[%clk 0:02:38]} 47. Bc6
{[%clk 0:07:13]} Kf8 {[%clk 0:02:31]} 48. Bb7 {[%clk 0:06:56]} 1-0

[Event "Team Championship of Russia (rapid)"]
[Site "Sochi"]
[Date "2015.05.08"]
[Round "3.35"]
[White "Gerasimov, Ivan"]
[Black "Anikonov, Dmitry"]
[Result "1-0"]
[LiveChessVersion "1.4.4"]
[BlackElo "2330"]
[WhiteElo "2311"]
[WhiteTeam "Ladya-2"]

1. e4 {[%clk 0:15:17]} Nc6 {[%clk 0:15:20]} 2. Nf3 {[%clk 0:15:23]} d6
{[%clk 0:15:29]} 3. d4 {[%clk 0:15:24]} Nf6 {[%clk 0:15:38]} 4. Nc3
{[%clk 0:14:44]} g6 {[%clk 0:15:46]} 5. h3 {[%clk 0:14:17]} Bg7 {[%clk 0:15:51]}
6. Be3 {[%clk 0:14:24]} O-O {[%clk 0:15:49]} 7. Qd2 {[%clk 0:14:33]} e5
{[%clk 0:15:59]} 8. d5 {[%clk 0:14:31]} Ne7 {[%clk 0:16:05]} 9. g4
{[%clk 0:14:35]} c6 {[%clk 0:15:27]} 10. O-O-O {[%clk 0:11:32]} cxd5
{[%clk 0:15:24]} 11. exd5 {[%clk 0:11:40]} a6 {[%clk 0:15:00]} 12. Bh6
{[%clk 0:10:28]} b5 {[%clk 0:14:50]} 13. Bxg7 {[%clk 0:10:23]} Kxg7
{[%clk 0:14:58]} 14. Bg2 {[%clk 0:07:34]} b4 {[%clk 0:14:28]} 15. g5
{[%clk 0:07:04]} bxc3 {[%clk 0:12:49]} 16. gxf6+ {[%clk 0:06:51]} Kxf6
{[%clk 0:12:58]} 17. Qxc3 {[%clk 0:06:07]} Bf5 {[%clk 0:13:03]} 18. Nd4
{[%clk 0:04:46]} Kg7 {[%clk 0:10:34]} 19. Nc6 {[%clk 0:04:45]} Qc7
{[%clk 0:10:08]} 20. f4 {[%clk 0:03:13]} f6 {[%clk 0:10:17]} 21. Rhe1
{[%clk 0:02:55]} Nxc6 {[%clk 0:08:43]} 22. dxc6 {[%clk 0:02:57]} Rfd8
{[%clk 0:08:31]} 23. fxe5 {[%clk 0:01:52]} dxe5 {[%clk 0:08:16]} 24. Qc5
{[%clk 0:02:01]} Rab8 {[%clk 0:08:06]} 25. a4 {[%clk 0:01:54]} Be6
{[%clk 0:07:52]} 26. b4 {[%clk 0:01:25]} h6 {[%clk 0:07:11]} 27. Rxd8
{[%clk 0:01:09]} Rxd8 {[%clk 0:07:07]} 28. Rd1 {[%clk 0:01:18]} Rxd1+
{[%clk 0:06:43]} 29. Kxd1 {[%clk 0:01:27]} Kf7 {[%clk 0:06:52]} 30. b5
{[%clk 0:01:23]} axb5 {[%clk 0:06:59]} 31. axb5 {[%clk 0:01:32]} e4
{[%clk 0:05:29]} 32. Bxe4 {[%clk 0:01:10]} Bxh3 {[%clk 0:03:54]} 33. Bd5+
{[%clk 0:01:01]} Be6 {[%clk 0:03:36]} 34. b6 {[%clk 0:00:52]} Qf4
{[%clk 0:02:49]} 35. Bxe6+ {[%clk 0:00:48]} Kxe6 {[%clk 0:02:57]} 36. c7
{[%clk 0:00:42]} Qf1+ {[%clk 0:02:48]} 37. Kd2 {[%clk 0:00:51]} Qf4+
{[%clk 0:02:56]} 38. Kc3 {[%clk 0:00:47]} 1-0